000 00845nam a22002177a 4500
999 _c17169
_d17169
003 AR-CdUCM
008 190507b ||||| |||| 00| 0 spa d
040 _aMUNICIPALIDAD PROVINCIAL DEL CUSCO
_cBIBLIOTECA MUNICIPAL DEL CUSCO
082 _a305 /
_bR86
100 _aRousseau, J. J.
_920054
245 _aEl origen de la desigualdad entre los hombres /
260 _aMéxico :
_bGrijalbo,
_c1972.
300 _a158 paginas ;
_c19 cm.
440 _aColección 70.
_n122.
_937031
505 _aContenido :Discurso sobre el origen y fundamento de la desigualdad entre los hombre -- Discurso sobre si el restablecimiento de las ciencias y de las artes a contribuido al mejoramiento de las costumbres ...
650 _aIgualdad
_92595
650 _aDerecho
_9739
650 _aFilosofía
_9395
942 _2ddc
_cLIBROS
945 _arum
_d2019-05-07